| 000 | 01182cam a2200229 4500 | ||
|---|---|---|---|
| 001 | WB4037-16 | ||
| 008 | 040929n2004 000 0 eng u | ||
| 035 | _a(Sirsi) u127549 | ||
| 245 | _aMaking estate agents work for you | ||
| 260 | _c2004 | ||
| 490 |
_aOFT Press Release _v(150/04) 23 September 2004, (2) |
||
| 520 | _aThe Office of Fair Trading (OFT) in its new guide: 'A quick guide to buying and selling your home' says that home buyers and sellers need to shop around and make informed choices when looking for an estate agent. This follows a recent OFT survey which found a high degree of dissatisfaction amongst customers about estate agents' services. It recommends that house sellers should get at least three estate agents' valuations and quotes for their services. For the guide: http://www.oft.gov.uk/NR/rdonlyres/DFB66350-0788-4 914-A6F2-C1BCBEFBC594/0/OFT744.pdfFor the OFT press release: http://www.oft.gov.uk/news/press+releases/2004/150 -04.htm | ||
| 590 | _aWB | ||
| 590 | _aWB | ||
| 650 | _aOFT | ||
| 650 | _aOFT | ||
| 650 | _aHOUSE BUYERS | ||
| 650 | _aHOUSE SELLING | ||
| 650 | _aESTATE AGENT | ||
| 690 | _aPROPERTY AND LAND LAW | ||
| 942 | _n0 | ||
| 999 |
_c118077 _d118077 |
||